Learning or labouring? (Record no. 102310)
[ view plain ]
| 000 -LEADER | |
|---|---|
| fixed length control field | 00546cam1a220015700 4500 |
| 005 - DATE AND TIME OF LATEST TRANSACTION | |
| control field | 20190819102607.0 |
| 008 - FIXED-LENGTH DATA ELEMENTS--GENERAL INFORMATION | |
| fixed length control field | 960524 |
| 020 ## - INTERNATIONAL STANDARD BOOK NUMBER | |
| International Standard Book Number | 88-85401-20-1 |
| 035 ## - SYSTEM CONTROL NUMBER | |
| System control number | (Sirsi) a149469 |
| 050 #0 - LIBRARY OF CONGRESS CALL NUMBER | |
| Classification number | HD 6231 LEA 1995 |
| 245 10 - TITLE STATEMENT | |
| Title | Learning or labouring? |
| Remainder of title | a compilation of key texts on child work and basic education |
| Statement of responsibility, etc. | /edited by Judith Ennew |
| 260 ## - PUBLICATION, DISTRIBUTION, ETC. | |
| Place of publication, distribution, etc. | Florence: |
| Name of publisher, distributor, etc. | Unicef, |
| Date of publication, distribution, etc. | [1995]. |
| 504 ## - BIBLIOGRAPHY, ETC. NOTE | |
| Bibliography, etc. note | bibliography |
| 650 #0 - SUBJECT ADDED ENTRY--TOPICAL TERM | |
| Topical term or geographic name entry element | Children -- Employment |
| General subdivision | Children -- Employment |
| Linkage | S27647.1 |
| 700 00 - ADDED ENTRY--PERSONAL NAME | |
| Personal name | Ennew,Judith |
| Linkage | A102741.1 |
No items available.